[Event "IECG TE.2005.P.01816 email"]
[Site "IECG email"]
[Date "2005.03.24"]
[Round "?"]
[White "Hlavacek, Ladislav"]
[Black "Kaelbling, Mike"]
[Result "0-1"]
[WhiteElo "1839"]
[BlackElo "1642"]
[PlyCount "56"]
[EventDate "2005.03.24"]
[EventType "tourn (corr)"]
[EventRounds "4"]
[SourceTitle "Corr 2008"]
[Source "ChessBase"]
[SourceDate "2008.06.24"]
[SourceVersion "1"]
[SourceVersionDate "2008.06.24"]
[SourceQuality "1"]

1. d4 Nf6 2. c4 c5 3. d5 b5 4. Nf3 e6 5. dxe6 fxe6 6. cxb5 a6 7. bxa6 Bxa6 8. Nc3 Be7 9. e4 Bxf1 10. Kxf1 Nc6 11. e5 Ng4 12. Qe2 Qb8 13. h3 Ngxe5 14. Bf4 d6 15. Bxe5 dxe5 16. Qb5 Qxb5+ 17. Nxb5 0-0 18. Nc3 e4 19. Nxe4 Rfb8 20. a3 Rxb2 21. Nfd2 Nd4 22. Nc4 Re2 23. f3 Bh4 24. Kg1 Rf8 25. Ncd6 Ra8 26. a4 Rc2 27. a5 Nb3 28. Nc4 Nxa1 0-1

[Event "IECG TE.2005.P.01816 email"]
[Site "IECG email"]
[Date "2005.03.24"]
[Round "?"]
[White "Rheinstaedtler, Klaus"]
[Black "Kaelbling, Mike"]
[Result "1-0"]
[WhiteElo "2258"]
[BlackElo "1642"]
[PlyCount "41"]
[EventDate "2005.03.24"]
[EventType "tourn (corr)"]
[EventRounds "4"]
[SourceTitle "Corr 2008"]
[Source "ChessBase"]
[SourceDate "2008.06.24"]
[SourceVersion "1"]
[SourceVersionDate "2008.06.24"]
[SourceQuality "1"]

1. d4 Nf6 2. c4 c5 3. d5 b5 4. Nf3 e6 5. dxe6 fxe6 6. cxb5 a6 7. e3 Be7 8. Nc3 0-0 9. e4 Bb7 10. e5 Ng4 11. Be2 axb5 12. h3 Nxe5 13. Nxe5 b4 14. Nb5 Bxg2 15. Rg1 Bxh3 16. Bd3 Bf5 17. Bh6 Bf6 18. Bxf5 exf5 19. Qd5+ Kh8 20. 0-0-0 Rxa2 21. Nd6 1-0